Gender dimensions of child labor and street children in Brazil (Record no. 288662)

000 -LEADER
fixed length control field 00513cam a22001457a 4500
008 - FIXED-LENGTH DATA ELEMENTS--GENERAL INFORMATION
fixed length control field 180718b2002 xxu||||| |||| 00| 0 eng d
100 ## - MAIN ENTRY--PERSONAL NAME
Personal name Wright, Emily Gustafsson
245 ## - TITLE STATEMENT
Title Gender dimensions of child labor and street children in Brazil
Statement of responsibility, etc. by Emily Gustafsson-Wright and Hnin Hnin Pyne
260 ## - PUBLICATION, DISTRIBUTION, ETC.
Place of publication, distribution, etc. Washington, D.C.
Name of publisher, distributor, etc. World Bank
Date of publication, distribution, etc. 2002
300 ## - PHYSICAL DESCRIPTION
Extent 30p.
440 ## - SERIES STATEMENT/ADDED ENTRY--TITLE
Title Policy Research Working Paper, No.2897
650 ## - SUBJECT ADDED ENTRY--TOPICAL TERM
Topical term or geographic name entry element Street children --Brazil
650 ## - SUBJECT ADDED ENTRY--TOPICAL TERM
Topical term or geographic name entry element Child labor --Brazil
700 ## - ADDED ENTRY--PERSONAL NAME
Personal name Pyne, Hnin Hnin
Holdings
Withdrawn status Lost status Damaged status Not for loan Permanent Location Current Location Date acquired Barcode Date last seen Price effective from Koha item type
        Indian Institute of Public Administration Indian Institute of Public Administration 2003-01-02 WB9449 2018-07-20 2018-07-20 WB

Powered by Koha